Влияние технологических параметров на режимы синтеза покрытия на подложке при инициировании реакции движущимся источником энергии; Физическая мезомеханика; Т. 13, № 1

Dades bibliogràfiques
Parent link:Физическая мезомеханика/ Российская академия наук (РАН), Сибирское отделение (СО), Институт физики прочности и материаловедения (ИФПМ).— , 1998-
Т. 13, № 1.— 2010.— [С. 83-89]
Autor principal: Крюкова О. Н. Ольга Николаевна
Altres autors: Князева А. Г. Анна Георгиевна
Sumari:Заглавие с экрана
Предложена двумерная модель синтеза покрытия в условиях электронно-лучевой обработки. Представлены результаты численного исследования модели, иллюстрирующие роль технологических параметров в режимах превращения. Показано, что степень превращения и состав покрытия существенно зависят от режима обработки.
Режим доступа: по договору с организацией-держателем ресурса
Idioma:rus
Publicat: 2010
Matèries:
Accés en línia:http://elibrary.ru/item.asp?id=13062123
Format: MixedMaterials Electrònic Capítol de llibre
KOHA link:https://koha.lib.tpu.ru/cgi-bin/koha/opac-detail.pl?biblionumber=637925

MARC

LEADER 00000naa0a2200000 4500
001 637925
005 20250124110813.0
035 |a (RuTPU)RU\TPU\network\2117 
090 |a 637925 
100 |a 20141113d2010 k||y0rusy50 ca 
101 0 |a rus 
102 |a RU 
135 |a drcn ---uucaa 
181 0 |a i  
182 0 |a b 
200 1 |a Влияние технологических параметров на режимы синтеза покрытия на подложке при инициировании реакции движущимся источником энергии  |f О. Н. Крюкова, А. Г. Князева 
203 |a Текст  |c электронный 
300 |a Заглавие с экрана 
320 |a [Библиогр.: с. 89 (10 назв.)] 
330 |a Предложена двумерная модель синтеза покрытия в условиях электронно-лучевой обработки. Представлены результаты численного исследования модели, иллюстрирующие роль технологических параметров в режимах превращения. Показано, что степень превращения и состав покрытия существенно зависят от режима обработки. 
333 |a Режим доступа: по договору с организацией-держателем ресурса 
461 |t Физическая мезомеханика  |f Российская академия наук (РАН), Сибирское отделение (СО), Институт физики прочности и материаловедения (ИФПМ)  |d 1998- 
463 |t Т. 13, № 1  |v [С. 83-89]  |d 2010 
610 1 |a электронный ресурс 
610 1 |a труды учёных ТПУ 
610 1 |a синтез 
610 1 |a покрытия 
610 1 |a электронно-лучевая обработка 
700 1 |a Крюкова  |b О. Н.  |c научный сотрудник Томского политехнического университета, кандидат физико-математических наук  |g Ольга Николаевна  |3 (RuTPU)RU\TPU\pers\33012 
701 1 |a Князева  |b А. Г.  |c российский физик  |c профессор Томского политехнического университета, доктор физико-математических наук  |f 1962-  |g Анна Георгиевна  |3 (RuTPU)RU\TPU\pers\25578  |9 11508 
801 2 |a RU  |b 63413507  |c 20141113  |g RCR 
856 4 |u http://elibrary.ru/item.asp?id=13062123 
942 |c CF